000 01740nam0a22003011 4500
001 rc\3466279
005 20250610115519.0
021 _aRU
_b71-11420
021 _aRU
_bРг6801-71
035 _a(NLR Aleph) 007889116
090 _a7966724
_c7966724
100 _a20130115d1970 |||y0rusy50 ca
101 0 _arus
102 _aRU
105 _aa z |||||
200 1 _aОптимальное отраслевое планирование в промышленности
_e(Материалы конференции 11-13 июля 1968 г.)
_fНауч. ред.: А.Е. Бахтин [и др.]
_gАН СССР. Сиб. отд-ние. Ин-т экономики и организации пром. производства. М-во приборостроения, средств автоматизации и систем управления. Главсистемпром. Гос. науч.-исслед. ин-т автоматизир. систем планирования и управления. М-во высш. и сред. спец. образования РСФСР. Новосиб. гос. ун-т
210 _aНовосибирск
_cБ. и.
_d1970
215 _a332 с.
_cил.
_d21
320 _aБиблиогр. в конце статей
702 1 _aБахтин
_bА.Е.
_4340
712 0 2 _aИнститут экономики и организации пром. производства (Новосибирск)
712 1 2 _aКонференция по оптимальному отраслевому планированию в пром-сти (1968; Новосибирск)
801 0 _aRU
_bNLR
_gpsbo
801 1 _aRU
_bELAR
_2rusmarc
852 _aNLR
_j71-3/3331
942 _cBOOK
980 _aNB